Chemical process industries (Record no. 3899)

000 -LEADER
fixed length control field 00616nam a22002171 4500
001 - CONTROL NUMBER
control field 3899
003 - CONTROL NUMBER IDENTIFIER
control field BD-DhUET
008 - FIXED-LENGTH DATA ELEMENTS--GENERAL INFORMATION
fixed length control field 731212s1967 nyua b 000 0 eng
040 ## - CATALOGING SOURCE
Original cataloging agency DLC
Transcribing agency DLC
Modifying agency BD-DhUET
082 00 - DEWEY DECIMAL CLASSIFICATION NUMBER
Classification number 660.284
Item number SHR/1967
100 ## - MAIN ENTRY--PERSONAL NAME
Personal name Shreve, Randolph Norris
245 10 - TITLE STATEMENT
Title Chemical process industries
Statement of responsibility, etc. by R. Norris Shreve.
250 ## - EDITION STATEMENT
Edition statement 3rd ed.
260 ## - PUBLICATION, DISTRIBUTION, ETC. (IMPRINT)
Place of publication, distribution, etc. New York
Name of publisher, distributor, etc. McGraw-Hill
Date of publication, distribution, etc. 1967.
300 ## - PHYSICAL DESCRIPTION
Extent xii, 905 p.
Other physical details ill.
Dimensions 24 cm.
490 0# - SERIES STATEMENT
Series statement McGraw-Hill chemical engineering series
504 ## - BIBLIOGRAPHY, ETC. NOTE
Bibliography, etc Includes bibliographies
650 #0 - SUBJECT ADDED ENTRY--TOPICAL TERM
Topical term or geographic name as entry element Chemical industries
650 #0 - SUBJECT ADDED ENTRY--TOPICAL TERM
Topical term or geographic name as entry element Chemical process
942 ## - ADDED ENTRY ELEMENTS (KOHA)
Koha item type General Book
Holdings
Koha issues (times borrowed) Location (home branch) Copy number Koha normalized classification for sorting Piece designation (barcode) Shelving location Koha full call number Damaged status Not for loan Withdrawn status Sublocation or collection (holding branch) Price effective from Koha date last seen Lost status Date acquired Koha item type Source of classification or shelving scheme Koha date last borrowed
12Central Library, BUET1660_000000000000000_284SHR196716350Circulation section660.284/SHR/1967   Central Library, BUET2014-11-082018-12-09 2014-11-08General Book 2018-12-09
1Central Library, BUET2660_000000000000000_284SHR196724440Circulation section660.284/SHR/1967   Central Library, BUET2014-11-082016-02-27 2014-11-08General Book 2015-12-23
2Central Library, BUET3660_284000000000000_SHR_196716349Circulation section660.284/SHR/1967   Central Library, BUET2015-02-242018-08-01 2015-02-24General Book 2018-03-31
 Central Library, BUET4660_284000000000000_SHR_196711224Reading section660.284/SHR/1967   Central Library, BUET2015-06-182015-06-18 2015-06-18Reading Item